000 00459nam a2200157 i 4500
001 56186
003 ES-MaACL
005 20230906163314.0
007 t|
008 031006s1932 sp ||||1| spa d
100 1 _aDíaz-Retg, Enrique.
_944408
245 1 0 _aEn Rusia
_b: la revolucion empieza ahora /
_cEnrique Díaz-Retg.
260 _aMadrid :
_bZeus,
_c1932 (
_fPrensa Moderna)
300 _a408 p. :
_bil. ;
_c19 cm.
852 _aES-MaACL
_jA-655
_bR.10497
999 _c56186
_d56186